| 000 | 01288nam a2200241 i 4500 | ||
|---|---|---|---|
| 003 | DO-SdBNP | ||
| 005 | 20250611073818.0 | ||
| 007 | ta | ||
| 008 | 211015e2011 dr a|||fr|||| 001 0 spa d | ||
| 020 | _a9789945436495 | ||
| 040 |
_aDO-SdBNP _bspa _cBNPHU _erda |
||
| 082 | 4 |
_222 _bR426gi, 2011 |
|
| 110 | 1 |
_aRepública Dominicana. _bMinisterio de Salud Pública _980830 |
|
| 245 | 0 | 0 | _aGuía y protocolo para la atención integral en salud de la violencia intrafamiliar y contra la mujer / |
| 250 | _a2a. | ||
| 264 |
_aSanto Domingo : _bMinisterio de Salud Pública y Asitencia Social, _c2011. |
||
| 300 |
_a79 páginas : _bilustraciones ; _c23 cm. |
||
| 336 |
_2rdacontent _atexto _btxt |
||
| 337 |
_2rdamedia _asin mediación _bn |
||
| 338 |
_2rdacarrier _avolumen _bnc |
||
| 505 | 0 |
_aPresentación. _tI. Introducción.-- _tII. Base legal.-- _tIII. Conceptos básicos de violencia intrafamiliar y contra la mujer (VIFM).-- _tIV. Atención integral para el abordaje de la violencia intrafamiliar y contra la mujer.-- _tV. Referencia y contrarreferencia.-- _tVI. Autocuidado para los prestadores desde el sector salud.-- _tVII. Flujograma de atención en los casos de violencia.-- _tVIII. Protocolos para el manejo de los casos de violencia.-- _tIX. bibliografía.-- _tX. Anexos.-- |
|
| 942 |
_2ddc _cLBS1 |
||
| 999 |
_c50756 _d50756 |
||